[Event "World Blitz Women 2017"]
[Site "Riyadh KSA"]
[Date "2017.12.29"]
[Round "7.7"]
[White "Ju, Wenjun"]
[Black "Michna, Marta"]
[Result "1-0"]
[WhiteTitle "GM"]
[BlackTitle "WGM"]
[WhiteElo "2567"]
[BlackElo "2377"]
[WhiteFideId "8603006"]
[BlackFideId "1106686"]
[EventDate "2017.12.29"]

1. d4 d6 2. Nf3 g6 3. e4 Bg7 4. c3 e6 5. Bd3 Nd7 6. O-O Ne7 7. a4 b6 8. a5 bxa5
9. Rxa5 c5 10. Ra1 O-O 11. Na3 Bb7 12. Nc4 Bxe4 13. Bxe4 d5 14. Bd3 dxc4 15.
Bxc4 Nb6 16. Be2 Qc7 17. dxc5 Qxc5 18. Be3 Qc7 19. Nd4 Rfd8 20. Qc1 Ned5 21. Nb5
Qe7 22. Bg5 Bf6 23. Bd2 e5 24. Re1 Qd7 25. c4 Rdc8 26. b3 a6 27. Na3 Nf4 28.
Bxf4 exf4 29. Rb1 Qc7 30. Bg4 Rd8 31. Bf3 Rac8 32. Nc2 Nd7 33. Nb4 Bd4 34. Nd5
Qc5 35. Re2 Re8 36. Qxf4 Rxe2 37. Bxe2 Re8 38. Bf1 Kg7 39. Rd1 Be5 40. Qf3 Nf6
41. g3 a5 42. Nxf6 Bxf6 43. Rd5 Qa7 44. c5 Bd4 45. Rxd4 Qxc5 46. Rd7 Rf8 47. Qd3
h5 48. Qd4+ 1-0

[Event "World Blitz Women 2017"]
[Site "Riyadh KSA"]
[Date "2017.12.29"]
[Round "7.9"]
[White "Batchimeg, Tuvshintugs"]
[Black "Krush, Irina"]
[Result "0-1"]
[WhiteTitle "IM"]
[BlackTitle "GM"]
[WhiteElo "2398"]
[BlackElo "2431"]
[WhiteFideId "4900839"]
[BlackFideId "2012782"]
[EventDate "2017.12.29"]

1. d4 Nf6 2. c4 c5 3. d5 g6 4. Nc3 Bg7 5. g3 e6 6. Bg2 exd5 7. cxd5 d6 8. Nf3
O-O 9. O-O Re8 10. Nd2 a6 11. a4 Nbd7 12. Nc4 Ne5 13. Na3 Bd7 14. h3 b5 15. f4
Neg4 16. hxg4 b4 17. Nc4 bxc3 18. Nxd6 Nxg4 19. bxc3 Bxc3 20. Ra3 Bd4+ 21. e3
Nxe3 22. Bxe3 Rxe3 23. Rxe3 Bxe3+ 24. Kh2 Qf8 25. Bf3 Qxd6 0-1

[Event "World Blitz Women 2017"]
[Site "Riyadh KSA"]
[Date "2017.12.29"]
[Round "7.10"]
[White "Gaponenko, Inna"]
[Black "Gevorgyan, Maria"]
[Result "1/2-1/2"]
[WhiteTitle "IM"]
[BlackTitle "WIM"]
[WhiteElo "2435"]
[BlackElo "2275"]
[WhiteFideId "14101181"]
[BlackFideId "13300270"]
[EventDate "2017.12.29"]

1. e4 e5 2. Nf3 Nf6 3. Nxe5 d6 4. Nf3 Nxe4 5. d3 Nf6 6. d4 d5 7. Bd3 Bd6 8. O-O
O-O 9. h3 c6 10. c4 Re8 11. Nc3 dxc4 12. Bxc4 Be6 13. Bxe6 Rxe6 14. Re1 Rxe1+
15. Qxe1 Nbd7 16. Bg5 Qb6 17. Qd2 Re8 18. Re1 Rxe1+ 19. Nxe1 h6 20. Bh4 Qa5 21.
Nf3 Qf5 22. Qe2 g5 23. Bg3 Bxg3 24. fxg3 Qe6 1/2-1/2

[Event "World Blitz Women 2017"]
[Site "Riyadh KSA"]
[Date "2017.12.29"]
[Round "7.11"]
[White "Khotenashvili, Bela"]
[Black "Batsiashvili, Nino"]
[Result "0-1"]
[WhiteTitle "GM"]
[BlackTitle "IM"]
[WhiteElo "2476"]
[BlackElo "2502"]
[WhiteFideId "13602640"]
[BlackFideId "13602993"]
[EventDate "2017.12.29"]

1. Nf3 d5 2. g3 Nf6 3. Bg2 c5 4. O-O h6 5. d4 cxd4 6. Nxd4 e5 7. Nf3 Nc6 8. c4
d4 9. e3 Be7 10. exd4 exd4 11. b3 O-O 12. Bb2 Bc5 13. Nbd2 a5 14. a3 Bg4 15. h3
Bf5 16. Re1 Qd7 17. Kh2 Rad8 18. Ne5 Nxe5 19. Rxe5 b6 20. Qf3 Bg6 21. Rae1 Qd6
22. Qc6 Bxa3 23. Bxa3 Qxa3 24. Qxb6 Qb2 25. Nf3 d3 26. Qe3 Qxb3 27. Nd2 Qc3 28.
c5 a4 29. Re7 a3 30. Ra7 Nd5 31. Bxd5 Rxd5 32. Nb1 Qxc5 33. Qxc5 Rxc5 34. Rxa3
Rc2 35. Kg2 d2 36. Rd1 Rc1 37. Rxd2 Rxb1 38. Re3 Rb7 39. h4 Rfb8 40. Rde2 Rb2
41. Rxb2 Rxb2 42. Re8+ Kh7 43. Re7 h5 44. Kf3 Rb6 45. Rc7 Rf6+ 46. Ke3 Bf5 47.
Ra7 Bg4 48. Ra2 g6 49. Rb2 Kg7 50. Ra2 Re6+ 51. Kd3 Kf6 52. Rb2 Bf5+ 53. Kd2 Be4
54. Kc3 Bf3 55. Kd4 Re2 56. Rb6+ Kg7 57. Rb3 Rxf2 58. Ke3 Rf1 59. Rb6 Bd5 60.
Kd4 Be6 61. Ke3 Kf6 62. Ra6 Kf5 63. Ra4 Rb1 64. Rf4+ Ke5 65. Re4+ Kd5 66. Rd4+
Kc6 67. Rd8 Rb7 68. Ra8 Kd6 69. Ra6+ Ke5 70. Ra5+ Bd5 71. Ra3 Rb3+ 72. Rxb3 Bxb3 0-1

[Event "World Blitz Women 2017"]
[Site "Riyadh KSA"]
[Date "2017.12.29"]
[Round "7.12"]
[White "Saduakassova, Dinara"]
[Black "Cori T., Deysi"]
[Result "1-0"]
[WhiteTitle "IM"]
[BlackTitle "WGM"]
[WhiteElo "2460"]
[BlackElo "2389"]
[WhiteFideId "13700090"]
[BlackFideId "3801934"]
[EventDate "2017.12.29"]

1. d4 Nf6 2. c4 e6 3. Nc3 Bb4 4. Qc2 O-O 5. Nf3 d5 6. cxd5 exd5 7. Bg5 h6 8. Bh4
c6 9. e3 Re8 10. Bd3 Be6 11. O-O Nbd7 12. a3 Be7 13. b4 a6 14. Na4 Bg4 15. Nd2
Ne4 16. Bxe7 Qxe7 17. Bxe4 dxe4 18. Nc5 Nxc5 19. bxc5 Qg5 20. Kh1 Re6 21. Rab1
Rae8 22. Rxb7 Rg6 23. Nxe4 Qd5 24. f3 Bf5 25. Qf2 Kh7 26. Nd6 Ree6 27. e4 1-0

[Event "World Blitz Women 2017"]
[Site "Riyadh KSA"]
[Date "2017.12.29"]
[Round "7.13"]
[White "Shuvalova, Polina"]
[Black "Ushenina, Anna"]
[Result "0-1"]
[WhiteTitle "WIM"]
[BlackTitle "GM"]
[WhiteElo "2385"]
[BlackElo "2416"]
[WhiteFideId "24171760"]
[BlackFideId "14110911"]
[EventDate "2017.12.29"]

1. d4 d5 2. c4 c6 3. cxd5 cxd5 4. Nf3 Nc6 5. Bf4 Nf6 6. e3 e6 7. Nc3 a6 8. Bd3
Be7 9. O-O Nh5 10. Be5 Nxe5 11. dxe5 g6 12. Nd4 O-O 13. Rc1 f6 14. Nf3 fxe5 15.
Nxe5 Bf6 16. Nf3 Bg7 17. Qd2 Bd7 18. Rfd1 Qe7 19. Bb1 Rad8 20. Qe2 Kh8 21. a3
Bc6 22. Nd4 Bd7 23. Nf3 Bc6 24. Nd4 Bd7 25. Nf3 Bc6 26. Nd4 Bd7 27. b4 Rf7 28.
Nf3 Rdf8 29. Rf1 Bc6 30. Nd4 Bd7 31. Qd2 Qh4 32. g3 Qe7 33. Bd3 e5 34. Nb3 d4
35. exd4 exd4 36. Ne2 Bh3 37. Bc4 Bxf1 38. Rxf1 Rf6 39. Nbxd4 Rd6 40. Qe3 Qxe3
41. fxe3 Rxf1+ 42. Kxf1 Nf6 43. Nf4 Ng4 44. Nde6 Nxe3+ 0-1

[Event "World Blitz Women 2017"]
[Site "Riyadh KSA"]
[Date "2017.12.29"]
[Round "7.14"]
[White "Tan, Zhongyi"]
[Black "Nechaeva, Marina"]
[Result "1-0"]
[WhiteTitle "GM"]
[BlackTitle "IM"]
[WhiteElo "2517"]
[BlackElo "2424"]
[WhiteFideId "8603642"]
[BlackFideId "4149351"]
[EventDate "2017.12.29"]

1. d4 d5 2. c4 c6 3. Nf3 Nf6 4. Nc3 e6 5. Bg5 Nbd7 6. e3 Qa5 7. cxd5 Nxd5 8. Rc1
Nxc3 9. bxc3 Ba3 10. Rc2 b6 11. Be2 Ba6 12. O-O Bxe2 13. Qxe2 O-O 14. Bf4 Rfe8
15. Rd1 Rac8 16. c4 Bf8 17. e4 c5 18. d5 exd5 19. cxd5 b5 20. e5 c4 21. Nd4 Qa4
22. e6 fxe6 23. dxe6 Nc5 24. h3 Nd3 25. Bg3 Rcd8 26. Nc6 Rc8 27. Nd4 Bc5 28. Nf5
g6 29. Nh6+ Kg7 30. Ng4 Bd4 31. Rxd3 cxd3 32. Be5+ Kf8 33. Qf3+ 1-0

[Event "World Blitz Women 2017"]
[Site "Riyadh KSA"]
[Date "2017.12.29"]
[Round "7.16"]
[White "Pham, Le Thao Nguyen"]
[Black "Stefanova, Antoaneta"]
[Result "1/2-1/2"]
[WhiteTitle "IM"]
[BlackTitle "GM"]
[WhiteElo "2354"]
[BlackElo "2500"]
[WhiteFideId "12401226"]
[BlackFideId "2902257"]
[EventDate "2017.12.29"]

1. d4 d5 2. Nf3 Nf6 3. Bf4 g6 4. e3 Bg7 5. h3 O-O 6. Nbd2 c5 7. c3 Qb6 8. Qb3 c4
9. Qa3 Nc6 10. Be2 Re8 11. b3 cxb3 12. axb3 Bf5 13. O-O Ne4 14. Nxe4 Bxe4 15. c4
a6 16. c5 Qd8 17. b4 Rc8 18. Qb2 Bxf3 19. Bxf3 e5 20. dxe5 Nxe5 21. Bxe5 Bxe5
22. Qd2 Bxa1 23. Rxa1 Qf6 24. Rd1 a5 25. Bxd5 axb4 26. Qxb4 Red8 27. e4 Qe7 28.
Rc1 Rc7 29. Rc3 Rdc8 30. Rf3 Qf8 31. Qb3 Re7 32. Qb5 Rb8 33. g3 Qd8 34. Kg2 Qc7
35. h4 h5 36. Qc4 Rf8 37. Qd4 Qe5 38. Qb4 Qc7 39. Qd4 Qe5 40. Qc4 Rc7 41. Qb5
Qe7 42. Qb6 Kg7 43. Qb2+ Kh7 44. Qb3 Qxc5 45. Bxb7 Qe5 46. Bd5 Kg7 47. Qb6 Re7
48. Qb3 f6 49. Qc4 f5 50. exf5 Rxf5 51. Rxf5 Qxf5 52. Bf3 Rf7 53. Qc6 Qf6 54.
Qd5 Re7 55. Qa8 Qb2 56. Bd5 Qf6 57. Bf3 Rf7 58. Qd5 Qb2 59. Qc6 Qd4 60. Qa8 Qf6
61. Qd5 1/2-1/2

[Event "World Blitz Women 2017"]
[Site "Riyadh KSA"]
[Date "2017.12.29"]
[Round "7.17"]
[White "Socko, Monika"]
[Black "Ding, Yixin"]
[Result "0-1"]
[WhiteTitle "GM"]
[BlackTitle "WGM"]
[WhiteElo "2471"]
[BlackElo "2424"]
[WhiteFideId "1106619"]
[BlackFideId "8602972"]
[EventDate "2017.12.29"]

1. d4 Nf6 2. c4 g6 3. Nf3 Bg7 4. g3 c6 5. Bg2 d5 6. O-O dxc4 7. Na3 b5 8. Ne5
Nd5 9. b3 cxb3 10. Qxb3 O-O 11. Nxb5 Be6 12. Nc3 Ne3 13. Qa4 Nxf1 14. Kxf1 Bxe5
15. dxe5 Nd7 16. Bh6 Re8 17. Rd1 Qc7 18. Bf4 Rec8 19. h4 h5 20. Ne4 Bd5 21. Ng5
Bxg2+ 22. Kxg2 e6 23. Qe4 Nf8 24. Rd6 c5 25. Qc4 Rab8 26. Ne4 Nh7 27. Bg5 Rb4
28. Qc2 Qb7 29. f3 c4 30. Bf6 c3 31. Qc1 g5 32. Nxg5 c2 33. Nxh7 Rg4 34. Qd2 Qc7
35. Qc1 Kxh7 36. fxg4 Qb7+ 37. Kh2 Qe4 38. Rd7 Qxe2+ 39. Kh3 hxg4# 0-1

[Event "World Blitz Women 2017"]
[Site "Riyadh KSA"]
[Date "2017.12.29"]
[Round "7.18"]
[White "Skripchenko, Almira"]
[Black "Badelka, Olga"]
[Result "1/2-1/2"]
[WhiteTitle "IM"]
[BlackTitle "WIM"]
[WhiteElo "2403"]
[BlackElo "2388"]
[WhiteFideId "13900145"]
[BlackFideId "13509926"]
[EventDate "2017.12.29"]

1. e4 c5 2. Nf3 Nc6 3. Bb5 e6 4. O-O Nge7 5. Re1 Nd4 6. Nxd4 cxd4 7. d3 a6 8.
Ba4 b5 9. Bb3 Nc6 10. Nd2 Bb7 11. Nf3 Be7 12. c3 dxc3 13. bxc3 O-O 14. Bb2 Rc8
15. h3 d6 16. Qd2 Bf6 17. Rab1 Qc7 18. c4 Bxb2 19. Qxb2 Na5 20. Rec1 Nxb3 21.
axb3 bxc4 22. bxc4 Rb8 23. Qd4 e5 24. Qe3 a5 25. c5 a4 26. Ra1 Ra8 27. Rc4 a3
28. Qc1 a2 29. Rc2 dxc5 30. Rcxa2 Rxa2 31. Rxa2 f6 32. Qc4+ Kh8 33. Rc2 Rc8 34.
Nh4 g6 35. Qe6 Qc6 36. Qe7 Kg8 37. Rb2 Ba6 38. Ra2 Bb7 39. Ra7 Rc7 40. Qd8+ Kg7
41. Ra3 Rd7 42. Qb8 c4 43. dxc4 Qxe4 44. Nf3 Qc6 45. Ra1 e4 46. Ne1 Qxc4 47. Qe8
Qc6 48. Rb1 Qd5 1/2-1/2

[Event "World Blitz Women 2017"]
[Site "Riyadh KSA"]
[Date "2017.12.29"]
[Round "7.19"]
[White "Guo, Qi"]
[Black "Sukandar, Irine Kharisma"]
[Result "1/2-1/2"]
[WhiteTitle "IM"]
[BlackTitle "IM"]
[WhiteElo "2396"]
[BlackElo "2384"]
[WhiteFideId "8604002"]
[BlackFideId "7101937"]
[EventDate "2017.12.29"]

1. d4 Nf6 2. c4 e6 3. Nf3 d5 4. Bg5 Be7 5. Nc3 O-O 6. e3 a6 7. cxd5 exd5 8. Bd3
Re8 9. O-O Nbd7 10. h3 Nf8 11. Qc2 c6 12. Rab1 h6 13. Bf4 Bd6 14. Ne5 Qe7 15.
Rfe1 N8d7 16. Nxd7 Bxd7 17. Bxd6 Qxd6 18. b4 Re7 19. a4 Rae8 20. b5 axb5 21.
axb5 c5 22. dxc5 Qxc5 23. Ne2 Qd6 24. Nd4 Ne4 25. Rec1 Qf6 26. Bxe4 dxe4 27. Qe2
Qg5 28. Kh1 Qh4 29. Rc5 Re5 30. Rbc1 b6 31. Rxe5 Rxe5 32. f4 exf3 33. Nxf3 Qh5
34. Qd3 Rd5 35. Qe4 Qf5 36. Qxf5 Bxf5 37. Nd4 Bd7 38. Rb1 f5 39. g3 Kf7 40. Kg2
Ke7 41. Kf2 Kd6 42. h4 Rc5 43. Ke2 Ke5 44. Kd3 Be8 45. Rb2 Bf7 46. Rb1 Bd5 47.
Rb2 Be4+ 48. Ke2 Kd5 49. Ra2 Rc7 50. Ra6 Rb7 51. Ra8 Rc7 52. Rd8+ Kc4 53. Rd6
Kc5 54. Rd8 Kc4 55. Rd6 Kc5 56. Rd8 Kc4 57. Rf8 Ra7 58. Rc8+ Kd5 59. Rd8+ Kc4
60. Rc8+ Kd5 61. Rd8+ Kc5 62. Rc8+ Kd5 63. Rd8+ 1/2-1/2

[Event "World Blitz Women 2017"]
[Site "Riyadh KSA"]
[Date "2017.12.29"]
[Round "7.21"]
[White "Kulon, Klaudia"]
[Black "Tokhirjonova, Gulrukhbegim"]
[Result "1-0"]
[WhiteTitle "WGM"]
[BlackTitle "WGM"]
[WhiteElo "2370"]
[BlackElo "2329"]
[WhiteFideId "1131044"]
[BlackFideId "14203626"]
[EventDate "2017.12.29"]

1. c4 e5 2. g3 c6 3. Bg2 d5 4. cxd5 cxd5 5. Nc3 Nf6 6. d3 Nc6 7. Nf3 Be7 8. O-O
O-O 9. Bd2 d4 10. Ne4 Nxe4 11. dxe4 Be6 12. Ne1 Qb6 13. Nd3 f5 14. f4 fxe4 15.
Bxe4 exf4 16. Bxf4 Bh3 17. Rf2 Rae8 18. Bf3 Bf5 19. Qb3+ Kh8 20. Qxb6 axb6 21.
Rc1 Bd7 22. a3 h6 23. Bc7 b5 24. Ne5 Nxe5 25. Bxe5 Bg5 26. Bf4 Bxf4 27. gxf4
Rxf4 28. Rc7 Bg4 29. Rxb7 Bxf3 30. exf3 Re5 31. Kg2 Rd5 32. Rd2 d3 33. Rc7 b4
34. a4 b3 35. Rc3 Rxa4 36. Rdxd3 Rxd3 37. Rxd3 Rb4 38. Kf2 Kh7 39. Ke3 Kg6 40.
Rd6+ Kf5 41. Rd5+ Kf6 42. Rc5 g6 43. h3 h5 44. Ra5 Ke6 45. Ra7 Kf5 46. Ra6 Kg5
47. Rc6 Rb8 1-0

[Event "World Blitz Women 2017"]
[Site "Riyadh KSA"]
[Date "2017.12.29"]
[Round "7.22"]
[White "Melia, Salome"]
[Black "Hoolt, Sarah"]
[Result "1/2-1/2"]
[WhiteTitle "IM"]
[BlackTitle "WGM"]
[WhiteElo "2404"]
[BlackElo "2405"]
[WhiteFideId "13602446"]
[BlackFideId "24606812"]
[EventDate "2017.12.29"]

1. b3 e5 2. Bb2 Nc6 3. e3 Nf6 4. c4 d6 5. g3 g6 6. Bg2 Bg7 7. Ne2 O-O 8. O-O Bg4
9. h3 Bf5 10. d3 Qd7 11. Kh2 h5 12. Nbc3 Rad8 13. a3 Rfe8 14. e4 Be6 15. Nd5 Ne7
16. Nxf6+ Bxf6 17. f4 Bg7 18. d4 exd4 19. Bxd4 c6 20. Bxg7 Kxg7 21. Qd4+ Kh7 22.
Rad1 d5 23. Qxa7 Qc7 24. Qc5 dxe4 25. Bxe4 Bf5 26. Bg2 Nd5 27. cxd5 Rxe2 28. d6
Qd7 29. Rf2 Rde8 30. Rdf1 R2e6 31. Rd1 Re2 32. Rdf1 R2e6 33. Rd1 Re2 34. Kg1
Rxf2 35. Qxf2 Re6 36. Qd4 Re2 37. Bf3 Rc2 38. Bg2 Bxh3 39. Rd2 Rc1+ 40. Kh2 Be6
41. b4 Re1 42. a4 Rb1 43. a5 Bg4 44. Qf6 Rxb4 45. Qe7 Rb5 46. a6 bxa6 47. Bxc6
Qxc6 48. Qxf7+ Kh6 49. Qf8+ Kh7 50. Qf7+ Kh6 51. Qf8+ Kh7 52. Qe7+ Kh6 53. Qg5+
Kh7 54. Qe7+ Kh6 55. Qf8+ Kh7 56. Qf7+ Kh6 57. Qf8+ Kh7 58. Qf7+ Kh6 59. Qf8+
Kh7 1/2-1/2

[Event "World Blitz Women 2017"]
[Site "Riyadh KSA"]
[Date "2017.12.29"]
[Round "7.23"]
[White "Zawadzka, Jolanta"]
[Black "Hoang, Thanh Trang"]
[Result "1/2-1/2"]
[WhiteTitle "WGM"]
[BlackTitle "GM"]
[WhiteElo "2424"]
[BlackElo "2439"]
[WhiteFideId "1122320"]
[BlackFideId "12400149"]
[EventDate "2017.12.29"]

1. e4 e6 2. b3 d5 3. Bb2 dxe4 4. Nc3 f5 5. f3 exf3 6. Qxf3 Nf6 7. O-O-O Nc6 8.
Bc4 Be7 9. Nce2 Na5 10. Bb5+ Bd7 11. Bxd7+ Qxd7 12. Nf4 O-O-O 13. Qe3 Nc6 14.
Qxe6 Rhe8 15. Nf3 Bd6 16. Qxd7+ Rxd7 17. Nd3 Ne4 18. Rde1 g6 19. Rhf1 Rde7 20.
g3 Nc5 21. Nxc5 Rxe1+ 22. Rxe1 Rxe1+ 23. Nxe1 Bxc5 24. Nf3 Kd7 25. d4 Be7 26.
Kd2 h6 27. d5 Nb4 28. Ne5+ Ke8 29. Nxg6 Bg5+ 30. Nf4 Nxd5 31. Be5 c6 32. c4
Bxf4+ 33. gxf4 Ne7 34. Ke3 Kd7 35. Kd4 Ke6 36. Ke3 Ng6 37. Bb8 a6 38. Bc7 Nf8
39. Be5 Nd7 40. Bc7 Nc5 41. Be5 Ne4 42. Bb2 b5 43. cxb5 cxb5 44. Kd4 Kd6 45.
Ba3+ Ke6 46. Bb4 h5 47. a4 bxa4 48. bxa4 h4 49. Be1 h3 50. Kc4 Nf6 51. Kb4 Ng4
52. Bg3 Ne3 53. Ka5 Nf1 54. Bf2 Nxh2 55. Kxa6 Nf3 56. Bg3 Ng1 57. Kb7 Ne2 58.
Bh2 Nc3 59. a5 Kd5 60. a6 Nb5 61. Kb6 Nd6 62. Kc7 Kc5 63. Bg1+ Kd5 64. Kb6 Nc8+
65. Kb7 Nd6+ 66. Kb6 Nc8+ 67. Kc7 Nd6 68. Kb6 Nc8+ 69. Kc7 Nd6 1/2-1/2

[Event "World Blitz Women 2017"]
[Site "Riyadh KSA"]
[Date "2017.12.29"]
[Round "7.24"]
[White "Zhukova, Natalia"]
[Black "Khukhashvili, Sopiko"]
[Result "1-0"]
[WhiteTitle "GM"]
[BlackTitle "IM"]
[WhiteElo "2444"]
[BlackElo "2312"]
[WhiteFideId "14101513"]
[BlackFideId "13602055"]
[EventDate "2017.12.29"]

1. c4 e5 2. Nc3 Bb4 3. Nd5 Be7 4. Nf3 Nc6 5. d4 e4 6. Nd2 f5 7. e3 Nf6 8. Nxe7
Qxe7 9. Be2 d6 10. O-O O-O 11. a3 a5 12. b3 Qf7 13. Bb2 Qg6 14. f4 exf3 15. Bxf3
Bd7 16. Qc2 Rae8 17. Rae1 Ng4 18. e4 fxe4 19. Bxe4 Qh6 20. h3 Rxf1+ 21. Nxf1 Nf6
22. Bd5+ Kh8 23. Rxe8+ Bxe8 24. Bf3 Qf4 25. Qd2 Qf5 26. Qe3 Bg6 27. Kh2 h6 28.
Ng3 Qc2 29. Qc3 Qf2 30. Nh1 Qh4 31. Qe3 Nh5 32. d5 Ne7 33. Qxh6+ Kg8 34. Qe3 Nf5
35. Qe6+ Kh7 36. Bxh5 Qf4+ 37. g3 Qd2+ 38. Qe2 Qxe2+ 39. Bxe2 Ne3 40. Nf2 Bc2
41. b4 axb4 42. axb4 Kg8 43. Bd4 Nf5 44. Bc3 Kf7 45. Bd3 Bxd3 46. Nxd3 Ne3 47.
Nb2 g6 48. Kg1 Nf5 49. Kf2 c6 50. g4 Ne7 51. dxc6 bxc6 52. b5 cxb5 53. cxb5 Nd5
54. Bd4 Nf4 55. b6 1-0

[Event "World Blitz Women 2017"]
[Site "Riyadh KSA"]
[Date "2017.12.29"]
[Round "7.25"]
[White "Mamedjarova, Turkan"]
[Black "Charochkina, Daria"]
[Result "0-1"]
[WhiteTitle "WGM"]
[BlackTitle "IM"]
[WhiteElo "2260"]
[BlackElo "2317"]
[WhiteFideId "13402005"]
[BlackFideId "4180917"]
[EventDate "2017.12.29"]

1. d4 d5 2. Nf3 Nf6 3. c4 c6 4. Nc3 e6 5. Bg5 Nbd7 6. e3 h6 7. Bh4 g5 8. Bg3 Nh5
9. cxd5 exd5 10. Bd3 Nxg3 11. hxg3 Bg7 12. Bc2 Qe7 13. Qd3 Nb6 14. Nd2 Be6 15.
Na4 Nxa4 16. Bxa4 O-O-O 17. Rc1 Qb4 18. Bb3 h5 19. a3 Qa5 20. Rc5 Qc7 21. Nb1 h4
22. gxh4 Rxh4 23. Rxh4 gxh4 24. Rc1 Qh2 25. Ba4 Bd7 26. Nc3 Qxg2 27. Ne2 h3 28.
Qh7 h2 29. Ng3 Rh8 30. Qxg7 h1=Q+ 31. Nxh1 Qxg7 0-1

[Event "World Blitz Women 2017"]
[Site "Riyadh KSA"]
[Date "2017.12.29"]
[Round "7.26"]
[White "Fierro Baquero, Martha L."]
[Black "Bulmaga, Irina"]
[Result "1/2-1/2"]
[WhiteTitle "IM"]
[BlackTitle "IM"]
[WhiteElo "2369"]
[BlackElo "2427"]
[WhiteFideId "3600270"]
[BlackFideId "13903063"]
[EventDate "2017.12.29"]

1. c4 e5 2. g3 Nf6 3. Bg2 Nc6 4. Nc3 Bc5 5. e3 d5 6. cxd5 Nb4 7. d3 Nbxd5 8.
Nge2 O-O 9. O-O c6 10. a3 a5 11. Bd2 Bg4 12. h3 Be6 13. Rc1 Be7 14. Qc2 Qd7 15.
Kh2 h5 16. Rfd1 h4 17. Ne4 hxg3+ 18. fxg3 Bf5 19. N2c3 Bg6 20. Nxf6+ Nxf6 21. e4
Rad8 22. Be3 Bh5 23. Rd2 Nh7 24. Rf1 Ng5 25. Rf5 f6 26. h4 g6 27. Rff2 Nf7 28.
d4 Qe6 29. d5 Qc8 30. Qb3 Kg7 31. Bh3 Bg4 32. Bg2 c5 33. d6 Rxd6 34. Nd5 Be6 35.
Nxe7 Bxb3 36. Nxc8 Rxc8 37. Bh3 Rcd8 38. Rxd6 Nxd6 39. Bxc5 Nxe4 40. Be7 Nxf2
41. Bxd8 e4 42. Bb6 Nd1 43. Bxa5 e3 44. Kg1 Nxb2 45. Bf1 Bc4 46. Bc3 Nd3 47.
Bxd3 Bxd3 48. Bd4 e2 49. Kf2 Kf7 50. Bc3 Ke6 51. Bb4 f5 52. Be1 Kd5 53. Bb4 Kc4
54. Ke1 Kd4 55. Bd6 Ke3 56. Bf4+ Kf3 57. Bd6 Kg4 58. Bf4 Kf3 59. Bd6 b5 60. Bc7
Ke4 61. Bd6 Kd5 62. Bb4 1/2-1/2

[Event "World Blitz Women 2017"]
[Site "Riyadh KSA"]
[Date "2017.12.29"]
[Round "7.27"]
[White "Vo, Thi Kim Phung"]
[Black "Padmini, Rout"]
[Result "1-0"]
[WhiteTitle "WGM"]
[BlackTitle "IM"]
[WhiteElo "2380"]
[BlackElo "2324"]
[WhiteFideId "12401838"]
[BlackFideId "5029295"]
[EventDate "2017.12.29"]

1. d4 Nf6 2. c4 e6 3. Nc3 d5 4. cxd5 exd5 5. Bg5 c6 6. e3 Bf5 7. Qf3 Bg6 8. Bxf6
Qxf6 9. Qxf6 gxf6 10. h4 Nd7 11. Nge2 Nb6 12. Nf4 Bf5 13. b3 a5 14. a4 Bb4 15.
Kd2 Nc8 16. Bd3 Nd6 17. Bxf5 Nxf5 18. Nd3 Be7 19. g4 Nd6 20. f3 Kd7 21. Nf4 f5
22. g5 f6 23. Rag1 Rag8 24. g6 Rg7 25. h5 hxg6 26. hxg6 Rhg8 27. Nce2 Nc8 28.
Rh5 Bb4+ 29. Kd3 Ne7 30. Rh6 Bd6 31. Nh5 Rxg6 32. Nxf6+ Rxf6 33. Rxf6 Rh8 34.
Rg7 Rh1 35. Rff7 b5 36. Nc3 b4 37. Ne2 Ke8 38. Nf4 Rd1+ 39. Kc2 Re1 40. Kd2 Rb1
41. Kc2 Re1 42. Kd2 Rb1 43. Kc2 Re1 44. Kd2 Rb1 45. Kc2 Re1 46. Nh5 Rxe3 47.
Nf6+ Kd8 48. Rf8+ Kc7 49. Ne8+ Kd7 50. Nf6+ Kc7 51. Ne8+ Kd7 52. Nxd6 Kxd6 53.
Rf6+ Kd7 54. Rxf5 Kd6 55. Rf6+ Kd7 56. Rff7 Ke8 57. Kd2 Re6 58. Kd3 Re1 59. f4
Re4 60. f5 c5 61. dxc5 Nc6 62. Rc7 Ne5+ 63. Kc2 Kf8 64. f6 Nf7 65. Rcxf7+ Ke8
66. Re7+ Kf8 67. Rxe4 dxe4 68. c6 e3 69. c7 e2 70. c8=Q# 1-0

[Event "World Blitz Women 2017"]
[Site "Riyadh KSA"]
[Date "2017.12.29"]
[Round "7.28"]
[White "Ovod, Evgenija"]
[Black "Girya, Olga"]
[Result "1-0"]
[WhiteTitle "IM"]
[BlackTitle "WGM"]
[WhiteElo "2364"]
[BlackElo "2484"]
[WhiteFideId "4131827"]
[BlackFideId "4195752"]
[EventDate "2017.12.29"]

1. e4 c6 2. d4 d5 3. exd5 cxd5 4. Bd3 Nf6 5. c3 Bg4 6. Ne2 Nc6 7. O-O e6 8. Bf4
Bd6 9. f3 Bh5 10. Qb3 Rb8 11. Na3 a6 12. Nc2 Bg6 13. Bxg6 Na5 14. Qa4+ b5 15.
Qxa5 Qxa5 16. Bxd6 Rd8 17. Bb4 Qc7 18. Bd3 Nd7 19. a4 bxa4 20. Rxa4 Nb8 21. Rfa1
f6 22. Ba5 Qd7 23. Bxd8 Qxd8 24. Bxa6 Kf7 25. Bd3 Nc6 26. b4 g5 27. b5 Ne7 28.
Ra7 h5 29. Nb4 Kf8 30. Ra8 1-0

[Event "World Blitz Women 2017"]
[Site "Riyadh KSA"]
[Date "2017.12.29"]
[Round "7.29"]
[White "Gvetadze, Sofio"]
[Black "Nguyen, Thi Mai Hung"]
[Result "0-1"]
[WhiteTitle "IM"]
[BlackTitle "WGM"]
[WhiteElo "2289"]
[BlackElo "2321"]
[WhiteFideId "13601440"]
[BlackFideId "12401676"]
[EventDate "2017.12.29"]

1. e4 c5 2. Nf3 g6 3. c3 Bg7 4. d4 cxd4 5. cxd4 d5 6. e5 Bg4 7. h3 Bxf3 8. Qxf3
Nc6 9. Bb5 e6 10. Nc3 Qb6 11. Be3 Ne7 12. O-O a6 13. Bxc6+ Nxc6 14. Rab1 O-O 15.
Rfd1 Rac8 16. Qe2 Na5 17. Na4 Qb4 18. b3 Nc6 19. h4 h5 20. Nb2 Rc7 21. Qf3 Rfc8
22. Qf4 Qa3 23. Nd3 Qxa2 24. g4 Qe2 25. gxh5 Qxh5 26. Kh1 Ne7 27. Rg1 Nf5 28.
Rg4 Bh6 29. Qf3 Bxe3 30. fxe3 Kg7 31. Rbg1 Rh8 32. Nf4 Qh6 33. h5 Kf8 34. Kg2
gxh5 35. Nxh5 Qxh5 36. Kf2 Rc2+ 37. Ke1 Qh2 38. R4g2 Rxg2 39. Rxg2 Qh3 40. Qf2
Qxe3+ 0-1

[Event "World Blitz Women 2017"]
[Site "Riyadh KSA"]
[Date "2017.12.29"]
[Round "7.30"]
[White "Hoang, Thi Bao Tram"]
[Black "Belenkaya, Dina"]
[Result "0-1"]
[WhiteTitle "WGM"]
[BlackTitle "WGM"]
[WhiteElo "2410"]
[BlackElo "2303"]
[WhiteFideId "12401102"]
[BlackFideId "24142654"]
[EventDate "2017.12.29"]

1. d4 d5 2. c4 dxc4 3. e3 Nf6 4. Bxc4 e6 5. Nf3 a6 6. a4 c5 7. O-O Nc6 8. Nc3
Bd6 9. Qe2 Qc7 10. dxc5 Bxc5 11. e4 Ng4 12. h3 Nd4 13. hxg4 Nxe2+ 14. Bxe2 O-O
15. Bg5 Bd7 16. Rac1 Bc6 17. Bh4 Rac8 18. Rfd1 Qf4 19. Bd3 Qxg4 20. Kf1 f5 21.
Re1 fxe4 22. Nxe4 Bb4 0-1